Name a Cocktail for Every Letter - Statistics

General Stats
  • This quiz has been taken 155 times
  • The average score is 9 of 23
Answer Stats
Hint Answer % Correct
M Mai Tai | Manhattan | Margarita | Martinez | Mary Pickford | Mimosa | Mint julep | Mojito | Monkey Gland | Moscow Mule
92%
S Sazerac | Sea Breeze | Sex on the Beach | Sidecar | Singapore Sling | Southside | Spicy Fifty | Spritz | Stinger | Suffering Bastard
84%
B Barracuda | Bee's Knees | Bellini | Between the Sheets | Black Russian | Bloody Mary | Boulevardier | Bramble | Brandy Crusta
77%
C Caipirinha | Canchanchara | Casino | Champagne cocktail | Clover Club | Corpse Reviver #2 | Cosmopolitan | Cuba libre
75%
P Paloma | Paper Plane | Paradise | Pina Colada | Pisco Sour | Planter's Punch | Porto Flip
60%
D Daiquiri | Dry Martini | Dark n' Stormy
54%
N Naked and Famous | Negroni | New York Sour
54%
O Old Cuban | Old Fashioned
48%
L Last Word | Lemon drop martini | Long Island iced tea
42%
A Alexander | Americano | Angel Face | Aviation
37%
W Whiskey Sour | White Lady
37%
T Tequila Sunrise | Tipperary | Tommy's Margarita | Trinidad Sour | Tuxedo
36%
G Gin Fizz | Golden Dream | Grasshopper
29%
E Espresso Martini
27%
Z Zombie
24%
F Fernandito | French 75 | French Connection | French Martini
22%
I Illegal | Irish Coffee
19%
R Ramos Fizz | Russian Spring Punch | Rusty Nail
18%
V Ve.n.to | Vesper | Vieux Carre
14%
J John Collins
13%
K Kir
10%
H Hanky Panky | Hemingway Special | Horse's Neck
9%
Y Yellow Bird
9%
No matching quizzes found
Score Distribution
Percent of People with Each Score
Percentile by Number Answered
Your Score History
You have not taken this quiz